| 000 | 00721cam a22002411 4500 | ||
|---|---|---|---|
| 001 | sa 65004400 | ||
| 003 | DLC | ||
| 005 | 20260227112130.0 | ||
| 008 | 911015s1964 ii 000 0 gujo | ||
| 010 | _asa 65004400 | ||
| 035 | _a(OCoLC)24564688 | ||
| 040 |
_aDLC _cWaU _dDLC |
||
| 042 | _apremarc | ||
| 050 | 0 | 0 |
_aPK1852 _b.T5 1964 |
| 100 | 1 |
_aṬhākora, Balavantarāya Kalyāṇarāya, _d1869-1952. |
|
| 245 | 1 | 0 | _aNavīna kavitā vishe vyākhyāno. |
| 260 | _c[1964] | ||
| 300 |
_a8, 189 p. _c19 cm. |
||
| 410 | 2 | 0 |
_aMaharaja Sayajirao University of Baroda. _tPro. B. K. Ṭhākora granthamāḷā, _v11 |
| 500 | _aIn Gujarati. | ||
| 650 | 0 | _aGujarati poetry. | |
| 700 | 1 |
_aJośī, Umāśaṅkara, _d1911-1988. |
|
| 999 |
_c63729 _d63729 |
||